=LDR 00000nam 2200000 4500 =001 INLIS000000000008196 =005 20181030101555 =035 ##$$a 0010-061300000008196 =008 181030###########################0#ind## =041 ##$$a Ind =082 ##$$a 819.095 982 =090 ##$$a 819.095 982, Sup f =100 ##$$a Supajar, Damarjati =245 1#$$a Filsafat sosial serat sastra gending /$c Damarjati Suparja ; penyunting, Agung Prakantono =260 ##$$a Yogyakarta :$b Fajar Pustaka BAru,$c 2001 =300 ##$$a 217 hlm, ; $c 19 cm =650 ##$$a Kessastraan-Jawa =084 ##$$a 819.095 982 SUP f =710 ##$$a Prihantoro, Agung =990 ##$$a 170.722/Pro.2002 =990 ##$$a 170.723/Pro.2002 =990 ##$$a 170.724/Pro.2002